000 00703nam a22002057a 4500
999 _c19341
_d19341
003 AR-CdUCM
008 190517b ||||| |||| 00| 0 spa d
040 _aMUNICIPALIDAD PROVINCIAL DEL CUSCO
_cBIBLIOTECA MUNICIPAL DEL CUSCO
082 _a869.56 /
_bM64
100 _aMiró Quesada Laos, Carlos
_914199
245 _aDe Santa Rosa a la Perricholi :
_bpáginas peruanas /
260 _aLima :
_bTall. Gráf. P.L. Villanueva,
_c1958.
300 _a335 páginas ;
_c21 cm.
505 _aContenido: Santa Rosa -- !Vale un Perú! -- Lima: Ciudad de Santa Rosa ...
650 _aLima
_9231
650 _aSanta Rosa
_936612
650 _aSociedad
_953
942 _2ddc
_cLIBROS
945 _arah
_d2019-05-17